New Brunswick... or Nova Scotia? - Statistics

General Stats
  • This quiz has been taken 15 times
  • The average score is 16 of 18
Answer Stats
Question Answer % Correct
Its capital is named Fredericton New Brunswick
100%
Is home to towns like St. Andrews, Shediac, and Quispamsis New Brunswick
100%
Is home to Peggy's Point Lighthouse Nova Scotia
100%
Had the largest man-made explosion prior to the invention of nuclear weapons Nova Scotia
100%
Has a coast on the Bay of Fundy Both
93%
Has a larger land area New Brunswick
93%
Has a higher % of French-speakers New Brunswick
93%
Has the headquarters of Irving Oil New Brunswick
93%
Shares a land border with the United States New Brunswick
93%
Was home to the Bluenose and Bluenose II Nova Scotia
93%
Is the setting of the sitcom Trailer Park Boys Nova Scotia
93%
Has an island with 0 permanent residents, but around 500 wild horses Nova Scotia
93%
Is where Alexander Keith beer was established Nova Scotia
93%
Is connected by bridge to Prince Edward Island New Brunswick
86%
Has a population > 1 million (as of 2025) Nova Scotia
71%
Was part of the region known as Acadia Both
64%
Has Canada's oldest incorporated city New Brunswick
64%
Has over 80% of its land area occupied by forest New Brunswick
64%
No matching quizzes found
Score Distribution
Percent of People with Each Score
Percentile by Number Answered
Your Score History
You have not taken this quiz